LEADER 01043cam0-2200313---450- 001 990005686600403321 005 20091030144637.0 035 $a000568660 035 $aFED01000568660 035 $a(Aleph)000568660FED01 035 $a000568660 100 $a19990604e19681863km-y0itay50------ba 101 0 $aita 102 $aIT 105 $ay-------001yy 200 1 $aCapitoli delle monache di Pontetetto presso Lucca$escrittura inedita del secolo 13. 205 $aRist. fotomecc. 210 $aBologna$cCommissione per i tersi di lingua$d1968 215 $a46 p.$d19 cm 225 1 $aScelta di curiosità letterarie inedite o rare dal secolo 13. al 19. in appendice alla Collezione di opere inedite o rare$v39 324 $aRistampa fotomeccanica dell'ed.: Bologna, 1863 676 $a271.97 801 0$aIT$bUNINA$gRICA$2UNIMARC 901 $aBK 912 $a990005686600403321 952 $a850.8 SCL 5$bBibl.43706$fFLFBC 959 $aFLFBC 996 $aCapitoli delle monache di Pontetetto presso Lucca$9201545 997 $aUNINA LEADER 01129nam0-2200373li-450 001 990000254840203316 005 20180312154804.0 010 $a88-7131-598-7 035 $a0025484 035 $aUSA010025484 035 $a(ALEPH)000025484USA01 035 $a0025484 100 $a20001109d1993----km-y0itay0103----ba 101 0 $aita 102 $aIT 200 1 $aIBM OS/22.1$fStefano Maruzzi 210 $aMilano$cMondadori$dcopyr. 1993 215 $aX, 169 p.$cill.$d24 cm 610 1 $aibm (microelaboratore)$aprogrammazione 610 1 $asistemi operativi$aprogrammazione 676 $a00543$9Programmi di sistemi. Sistemi operativi 700 1$aMaruzzi,$bStefano$0753130 801 $aSistema bibliotecario di Ateneo dell' Università di Salerno$gRICA 912 $a990000254840203316 951 $a005.43 MAR$b0017294$c005.43$d00106468 959 $aBK 969 $aSCI 979 $c19950522 979 $c20001110$lUSA01$h1715 979 $aALANDI$b90$c20010322$lUSA01$h1636 979 $c20020403$lUSA01$h1633 979 $aPATRY$b90$c20040406$lUSA01$h1618 996 $aIBM OS$91514968 997 $aUNISA